Translating cultures : perspectives on translation and anthropology
Αποθηκεύτηκε σε:
| Άλλοι συγγραφείς: | , |
|---|---|
| Μορφή: | Βιβλίο |
| Γλώσσα: | English |
| Δημοσίευση: |
Oxford; New York :
Berg,
2003
|
| Θέματα: | |
| Ετικέτες: |
Προσθήκη ετικέτας
Δεν υπάρχουν, Καταχωρήστε ετικέτα πρώτοι!
|
MARC
| LEADER | 00000nam a2200000 i 4500 | ||
|---|---|---|---|
| 001 | 1/47634 | ||
| 008 | 040127s2003 eng d | ||
| 020 | |a 1-85973-745-5 | ||
| 035 | |l 10072113 | ||
| 040 | |a GR-MY-UA |b gre |e aacr | ||
| 041 | 0 | |a eng | |
| 082 | 0 | |a 306 |2 (21) | |
| 245 | 1 | 0 | |a Translating cultures : |b perspectives on translation and anthropology / |c edited by Paula G. Rubel and Abraham Rosman |
| 260 | |a Oxford; New York : |b Berg, |c 2003 | ||
| 300 | |a xi, 289 σ.; |c 24 εκ. | ||
| 504 | |a Περιέχει βιβλιογραφία και ευρετήριο | ||
| 650 | 0 | 0 | |a Communication in ethnology. |
| 650 | 0 | 0 | |a Ethnology |x Authorship. |
| 650 | 0 | 0 | |a Translating and interpreting. |
| 650 | 0 | 0 | |a Intercultural communication. |
| 700 | 1 | |a Rubel, Paula G. |4 edt | |
| 700 | 1 | |a Rosman, Abraham. |4 edt | |
| 852 | |a INST |b LESVOS |e 20040127 |h 306 TRA |p 005100030810 |q 005100030810 |t BK |y 0 | ||
| 901 | |a BIBL1-2004-1 | ||
| 909 | |a Λ |b 108159 | ||
| 922 | |a 1ΕΛΗ |b 200312 |c ΕΠΕΑΕΚ2/ΤΚΑ |d ΜΙΧΑΛΟΠΟΥΛΟΣ | ||
| 950 | |a 117-2003-09-05 | ||
| 970 | |a ΧΡΙΣΤΟΦΑ |b ΝΙΚΗ |z 2004/01/28 | ||